A szél

Podrobná bibliografia
Hlavný autor: Károlyi, Amy 1909- (Autor)
Médium: Článok
Jazyk:maďarčina
slovenčina
Predmet:

MARC

LEADER 00000nab a2200000 a 4500
001 vtls008157415
003 SK-MaSNL
005 20260303074604.0
008 160314c2005 xo |||||||| 000 b|hun
015 |a SNKBUCL2005/05  |2 snkbucl 
038 |a SNKBUCL 
040 |a DSZK  |b slo  |c DSZK  |e AACR2 
041 0 |a slo 
044 |a xo  |c SK 
080 |a 821.511.141-93=511.141  |2 UDC-MRF-SK2 
080 |a 821.511.141-1(0.053.2)=511.141  |2 UDC-MRF-SK2 
100 1 |a Károlyi, Amy  |d 1909-  |4 aut  |9 1077886 
245 1 0 |a A szél  |c Károlyi Amy 
650 0 7 |a naratívne básne, maďarské  |2 snkbucl  |9 71242 
773 0 |t Vasárnap  |g Évf. 38, sz. 18 (2005), o. 39 
852 |a SNK  |b KIS3GCP 
852 |a DSZK  |b KIS3GCP 
958 |a HU 
958 |a LX 
958 |a DB 
999 |c 1772221  |d 1774151